| 000 | 00402cam a2200145 a 4500 | ||
|---|---|---|---|
| 020 | _a2747592391 | ||
| 040 | _cDLC | ||
| 082 | 0 | 0 | _a959 HAR 2005 A103 Co. |
| 100 | 1 | _aLuken-Roze, Dominique. | |
| 245 | 1 | 0 |
_aCambodge, vers de nouvelles tragédies? : _bactualité du génocide / |
| 260 |
_aParis, France : _bL'Harmattan, _cc2005. |
||
| 300 |
_a252 p. : _bmap ; _c22 cm. |
||
| 650 | 0 | _aGenocide | |
| 942 | _cEK | ||
| 999 |
_c14471 _d14471 |
||